[Event "FRA-ch op-C"]
[Site "Nimes"]
[Date "2018.08.26"]
[Round "9"]
[White "Alashtar, Asef"]
[Black "Piat, Jean Pascal"]
[Result "1-0"]
[WhiteElo "1724"]
[BlackElo "1711"]
[PlyCount "53"]
[EventDate "2018.08.18"]
[EventType "swiss"]
[EventRounds "9"]
[EventCountry "FRA"]
[SourceTitle "EXT 2020"]
[Source "ChessBase"]
[SourceDate "2019.10.17"]
[SourceVersion "1"]
[SourceVersionDate "2019.10.17"]
[SourceQuality "1"]

1. Nf3 Nf6 2. g3 Nc6 3. d4 e6 4. Bg2 Be7 5. 0-0 0-0 6. c4 a6 7. Nc3 Bb4 8. Qd3 Bxc3 9. bxc3 d6 10. Rb1 Rb8 11. e4 e5 12. h3 h6 13. Nh4 Ne7 14. f4 Ng6 15. Nf5 exf4 16. Bxf4 Nxf4 17. Rxf4 Kh8 18. h4 Nh5 19. Rf2 Bxf5 20. exf5 b6 21. g4 Nf6 22. Qg3 Nh7 23. Bc6 f6 24. Re2 Rf7 25. Rbe1 Rf8 26. Re7 a5 27. Rd7 1-0

[Event "Salon de Provence op 7th"]
[Site "Salon de Provence"]
[Date "2016.07.12"]
[Round "5"]
[White "Nobili, Denis"]
[Black "Piat, Jean Pascal"]
[Result "1-0"]
[WhiteElo "1995"]
[BlackElo "1758"]
[PlyCount "49"]
[EventDate "2016.07.09"]
[EventType "swiss"]
[EventRounds "9"]
[EventCountry "FRA"]
[SourceTitle "EXT 2019"]
[Source "ChessBase"]
[SourceDate "2018.10.10"]
[SourceVersion "1"]
[SourceVersionDate "2018.10.10"]
[SourceQuality "1"]

1. d4 Nf6 2. Nf3 g6 3. c4 c5 4. d5 d6 5. Nc3 Bg7 6. e4 0-0 7. h3 b5 8. cxb5 a6 9. bxa6 Bxa6 10. Be2 Nfd7 11. 0-0 Qc8 12. Bg5 Re8 13. Re1 Qb7 14. Qd2 c4 15. Be3 Rc8 16. Rec1 Nc5 17. Bd4 f6 18. Ne1 Nbd7 19. f4 e5 20. dxe6 Nxe6 21. Be3 Ndc5 22. Bf3 Rab8 23. Rab1 f5 24. exf5 Bxc3 25. bxc3 1-0

[Event "Salon de Provence op 7th"]
[Site "Salon de Provence"]
[Date "2016.07.10"]
[Round "3"]
[White "Mohamed, Saeed Laily"]
[Black "Piat, Jean Pascal"]
[Result "0-1"]
[WhiteElo "1589"]
[BlackElo "1758"]
[PlyCount "84"]
[EventDate "2016.07.09"]
[EventType "swiss"]
[EventRounds "9"]
[EventCountry "FRA"]
[SourceTitle "EXT 2019"]
[Source "ChessBase"]
[SourceDate "2018.10.10"]
[SourceVersion "1"]
[SourceVersionDate "2018.10.10"]
[SourceQuality "1"]

1. d4 Nf6 2. c4 e5 3. dxe5 Ng4 4. Bf4 Nc6 5. Nf3 Bb4+ 6. Nc3 d6 7. exd6 Qf6 8. Qd2 0-0 9. e3 Re8 10. Be2 cxd6 11. 0-0 Nce5 12. Rad1 Be6 13. h3 Nxc4 14. Bxc4 Bxc4 15. hxg4 Bxf1 16. Rxf1 Rac8 17. Nd5 Qxf4 18. Nxf4 Bxd2 19. Nxd2 Rc2 20. Rd1 Rxb2 21. Nc4 Rxa2 22. Nxd6 Rd8 23. Rc1 g5 24. Nh5 Rd2 25. Nxb7 Rd1+ 26. Rxd1 Rxd1+ 27. Kh2 Ra1 28. Nf6+ Kg7 29. Nd5 a5 30. Nc3 Ra3 31. Nb5 Rb3 32. N7d6 a4 33. Nd4 Rb2 34. Nc4 Rxf2 35. Na3 Rb2 36. Kg3 Ra2 37. Ndc2 Kg6 38. Kf3 f5 39. gxf5+ Kxf5 40. g4+ Kf6 41. Ke4 Rb2 42. Nd4 Rh2 0-1

[Event "Salon de Provence op 6th"]
[Site "Salon de Provence"]
[Date "2015.07.04"]
[Round "6"]
[White "Duval, Jean Pierre"]
[Black "Piat, Jean Pascal"]
[Result "0-1"]
[WhiteElo "1757"]
[BlackElo "1815"]
[PlyCount "110"]
[EventDate "2015.07.04"]
[EventType "swiss"]
[EventRounds "9"]
[EventCountry "FRA"]
[SourceTitle "EXT 2016"]
[Source "ChessBase"]
[SourceDate "2015.10.08"]
[SourceVersion "1"]
[SourceVersionDate "2015.10.08"]
[SourceQuality "1"]

1. Nf3 Nf6 2. b3 e6 3. Bb2 d5 4. g3 Bd6 5. Bg2 0-0 6. 0-0 c5 7. d3 Nc6 8. Nbd2 Be7 9. e4 dxe4 10. dxe4 Qc7 11. e5 Nd7 12. Qe2 f6 13. exf6 Nxf6 14. c4 Bd7 15. Rad1 Rae8 16. Rfe1 Bd8 17. Ne5 Qc8 18. Ne4 Nxe5 19. Bxe5 Nxe4 20. Bxe4 Bf6 21. Bd6 Rf7 22. Qh5 g6 23. Qxc5 Qxc5 24. Bxc5 b6 25. Be3 Kg7 26. Rxd7 Rxd7 27. Bc6 Ree7 28. Bxd7 Rxd7 29. Kf1 Kf7 30. Ke2 h5 31. Rd1 Rb7 32. Rd6 Be7 33. Rd3 g5 34. Bd4 Kg6 35. Re3 Kf7 36. Kf3 Rd7 37. Ke4 g4 38. f3 Kg6 39. fxg4 hxg4 40. Bc3 Bc5 41. Rd3 Rxd3 42. Kxd3 Kf5 43. Bd4 a5 44. Ke3 e5 45. Bxc5 bxc5 46. Kd3 e4+ 47. Ke3 Ke5 48. Ke2 Kd4 49. Kd2 e3+ 50. Ke2 Ke4 51. Ke1 Kf3 52. Kf1 e2+ 53. Ke1 Kg2 54. Kxe2 Kxh2 55. Kf2 Kh3 0-1

[Event "Salon de Provence op 6th"]
[Site "Salon de Provence"]
[Date "2015.07.04"]
[Round "7"]
[White "Piat, Jean Pascal"]
[Black "Colandrea, Sauveur"]
[Result "0-1"]
[WhiteElo "1815"]
[BlackElo "1765"]
[PlyCount "140"]
[EventDate "2015.07.04"]
[EventType "swiss"]
[EventRounds "9"]
[EventCountry "FRA"]
[SourceTitle "EXT 2016"]
[Source "ChessBase"]
[SourceDate "2015.10.08"]
[SourceVersion "1"]
[SourceVersionDate "2015.10.08"]
[SourceQuality "1"]

1. d4 d6 2. e4 Nf6 3. f3 Nbd7 4. Be3 g6 5. c4 Bg7 6. Qd2 c5 7. d5 0-0 8. Nc3 Ne5 9. Be2 a6 10. Bh6 Rb8 11. h4 b5 12. Bxg7 Kxg7 13. cxb5 axb5 14. Nxb5 Ba6 15. a4 c4 16. Nc3 Qb6 17. Rb1 h5 18. Nh3 Nfd7 19. g4 hxg4 20. fxg4 Nc5 21. Nf2 Nb3 22. Qf4 Nd4 23. h5 Rh8 24. h6+ Kh7 25. g5 Rhf8 26. Ng4 Nxg4 27. Qxg4 Nc2+ 28. Kd2 Ne3 29. Qg1 Qd4+ 30. Kc1 Rb3 31. Qe1 Ng2 32. Qd2 Qxd2+ 33. Kxd2 Nf4 34. Rhf1 Nd3 35. Bxd3 cxd3 36. Rf3 Kg8 37. Nb5 Bxb5 38. axb5 f6 39. Rxd3 Rxb5 40. gxf6 Rxf6 41. Kc3 Rf4 42. Kc4 Rb7 43. Kd4 Rh4 44. b4 Rxh6 45. b5 Kg7 46. b6 Rh8 47. Rc3 Rhb8 48. Rc6 Kf6 49. Rf1+ Kg7 50. e5 Rxb6 51. e6 Rb4+ 52. Rc4 Rxc4+ 53. Kxc4 Rf8 54. Rd1 Rf4+ 55. Kb5 Kf6 56. Kc6 g5 57. Rh1 g4 58. Rh7 g3 59. Rf7+ Ke5 60. Rg7 Rc4+ 61. Kd7 Kxd5 62. Rxe7 Rg4 63. Rf7 g2 64. e7 g1Q 65. e8Q Qa7+ 66. Kd8 Qb8+ 67. Kd7 Qb7+ 68. Kd8 Qb6+ 69. Kd7 Qc6+ 70. Kd8 Rg8 0-1

[Event "Salon de Provence op 6th"]
[Site "Salon de Provence"]
[Date "2015.07.04"]
[Round "5"]
[White "Piat, Jean Pascal"]
[Black "Porte, Jacques"]
[Result "1-0"]
[WhiteElo "1815"]
[BlackElo "1446"]
[PlyCount "51"]
[EventDate "2015.07.04"]
[EventType "swiss"]
[EventRounds "9"]
[EventCountry "FRA"]
[SourceTitle "EXT 2016"]
[Source "ChessBase"]
[SourceDate "2015.10.08"]
[SourceVersion "1"]
[SourceVersionDate "2015.10.08"]
[SourceQuality "1"]

1. d4 Nf6 2. Nc3 d5 3. e4 c6 4. e5 Ne4 5. Nce2 h6 6. h4 Nxf2 7. Kxf2 Bg4 8. Nf3 Bh5 9. Ng3 Bg4 10. Be2 h5 11. Ng5 Bxe2 12. Qxe2 e6 13. Qf3 Qc7 14. Nxh5 Na6 15. a3 c5 16. c3 cxd4 17. cxd4 Qc2+ 18. Kg3 Qg6 19. Nf4 Qf5 20. Qd3 g6 21. Qb5+ Kd8 22. Bd2 Rb8 23. Rac1 Be7 24. Rhf1 Bxg5 25. Nxe6+ Qxe6 26. Bxg5+ 1-0

[Event "St Chely d'Aubrac op 9th"]
[Site "St Chely d'Aubrac"]
[Date "2009.07.11"]
[Round "1"]
[White "Piat, Jean Pascal"]
[Black "Trey, Baptiste"]
[Result "1-0"]
[WhiteElo "1865"]
[BlackElo "1390"]
[PlyCount "63"]
[EventDate "2009.07.11"]
[EventType "swiss"]
[EventRounds "9"]
[EventCountry "FRA"]
[SourceTitle "EXT 2010"]
[Source "ChessBase"]
[SourceDate "2010.11.25"]
[SourceVersion "1"]
[SourceVersionDate "2010.11.25"]
[SourceQuality "1"]

1. d4 d5 2. c4 Nf6 3. cxd5 Nxd5 4. Bd2 g6 5. Nc3 Bg7 6. Nf3 Bg4 7. Ne5 Be6 8. Rc1 Nd7 9. Nf3 c5 10. e3 cxd4 11. exd4 0-0 12. Bb5 N7b6 13. a4 Nc7 14. Bf4 Nxb5 15. Nxb5 Bg4 16. 0-0 Bxf3 17. Qxf3 Bxd4 18. Rfd1 e5 19. Bxe5 Bxf2+ 20. Qxf2 Qg5 21. Bf6 Qg4 22. Rd4 Qh5 23. g4 Qh6 24. g5 Qh3 25. Rc3 Qf5 26. Qxf5 gxf5 27. a5 Nc8 28. Nd6 Nxd6 29. Rxd6 Rfe8 30. Kf2 Rac8 31. Rxc8 Rxc8 32. Kf3 1-0

[Event "Bouches du Rhone-ch 0203"]
[Site "Provence"]
[Date "2003.03.29"]
[Round "9"]
[White "Leger, Pascal"]
[Black "Piat, Jean Pascal"]
[Result "1/2-1/2"]
[WhiteElo "2075"]
[BlackElo "1830"]
[PlyCount "41"]
[EventDate "2002.10.??"]
[EventType "swiss"]
[EventRounds "9"]
[EventCountry "FRA"]
[SourceTitle "EXT 2005"]
[Source "ChessBase"]
[SourceDate "2004.11.15"]
[SourceVersion "1"]
[SourceVersionDate "2004.11.15"]
[SourceQuality "1"]

1. e4 d6 2. d4 c6 3. Nf3 Nd7 4. Nc3 b5 5. Bd3 g6 6. 0-0 Bg7 7. Bf4 e5 8. dxe5 dxe5 9. Be3 Ngf6 10. h3 0-0 11. Qd2 Nh5 12. g4 Nhf6 13. Bh6 Qe7 14. Qg5 Re8 15. Nh4 Nc5 16. Nf5 Bxf5 17. exf5 Nxd3 18. cxd3 Rad8 19. Qh4 b4 20. Bxg7 Kxg7 21. Ne4 1/2-1/2

[Event "Bouches du Rhone-ch 0203"]
[Site "Provence"]
[Date "2003.01.04"]
[Round "4"]
[White "Piat, Jean Pascal"]
[Black "Burkel, Kevin"]
[Result "0-1"]
[WhiteElo "1830"]
[BlackElo "2129"]
[PlyCount "164"]
[EventDate "2002.10.??"]
[EventType "swiss"]
[EventRounds "9"]
[EventCountry "FRA"]
[SourceTitle "EXT 2005"]
[Source "ChessBase"]
[SourceDate "2004.11.15"]
[SourceVersion "1"]
[SourceVersionDate "2004.11.15"]
[SourceQuality "1"]

1. d4 Nf6 2. c4 c5 3. d5 b5 4. Nf3 d6 5. e3 bxc4 6. Bxc4 g6 7. Bb5+ Bd7 8. Bc4 Bg7 9. 0-0 0-0 10. Re1 Qb6 11. Qe2 Bg4 12. Nbd2 Nbd7 13. Qd3 Qb4 14. a3 Qa5 15. h3 Bxf3 16. Nxf3 Ne5 17. Qe2 Nxc4 18. Qxc4 Nd7 19. Bd2 Ne5 20. Nxe5 Qxd2 21. Re2 Qa5 22. Nc6 Qc7 23. e4 Rfe8 24. Rae1 Qb6 25. b4 cxb4 26. axb4 Kf8 27. Ra2 Rec8 28. Ra6 Qb7 29. Rb1 Rab8 30. b5 Qxa6 31. bxa6 Rxb1+ 32. Kh2 Rbb8 33. Qd3 Ra8 34. Qb3 Rc7 35. Qb4 Rac8 36. Qb5 Bc3 37. f4 Bd2 38. Kg3 Be3 39. Qb2 Kg8 40. e5 Bc5 41. Qb5 f6 42. e6 Bb6 43. Kf3 h6 44. Qb1 Kg7 45. Qb5 h5 46. f5 gxf5 47. Kf4 Kh6 48. Kxf5 Rg8 49. g4 Rg5+ 50. Kf4 hxg4 51. hxg4 Kg6 52. Qd3+ Kg7 53. Qb5 Kf8 54. Qc4 Kg8 55. Qb5 Kg7 56. Qc4 Bc5 57. Qb5 Rxd5 58. Qb8 Rxc6 59. Qe8 Rd4+ 60. Kf3 Rd3+ 61. Kg2 Rd2+ 62. Kf3 Rd3+ 63. Kg2 Rd5 64. Qxc6 Re5 65. Qd7 d5 66. Qc7 d4 67. Qd7 Re4 68. Kh3 Re3+ 69. Kg2 Re5 70. Kf1 Kg6 71. Qe8+ Kg5 72. Qg8+ Kf4 73. Kg2 Rg5 74. Qb8+ Kxg4 75. Qg3+ Kf5 76. Kh3 Rxg3+ 77. Kxg3 d3 78. Kg2 d2 79. Kh3 d1Q 80. Kg3 Qd3+ 81. Kg2 Kg4 82. Kh2 Qh3# 0-1

[Event "Bouches du Rhone-ch 0203"]
[Site "Provence"]
[Date "2002.11.23"]
[Round "3"]
[White "Piat, Jean Pascal"]
[Black "Sintes, Marc"]
[Result "1-0"]
[WhiteElo "1830"]
[BlackElo "2058"]
[PlyCount "49"]
[EventDate "2002.10.??"]
[EventType "swiss"]
[EventRounds "9"]
[EventCountry "FRA"]
[SourceTitle "EXT 2005"]
[Source "ChessBase"]
[SourceDate "2004.11.15"]
[SourceVersion "1"]
[SourceVersionDate "2004.11.15"]
[SourceQuality "1"]

1. d4 d5 2. c4 e6 3. Nc3 c5 4. cxd5 cxd4 5. Qa4+ Bd7 6. Qxd4 exd5 7. Nxd5 Nc6 8. Qd1 Qa5+ 9. Nc3 0-0-0 10. Bd2 Nf6 11. Rc1 Kb8 12. e3 Bf5 13. a3 Bd3 14. Bxd3 Rxd3 15. Qc2 Rd7 16. Nf3 g5 17. Ne4 Rxd2 18. Nfxd2 Nxe4 19. Qxe4 Bg7 20. Rc2 f5 21. Qc4 Rd8 22. b4 Qxa3 23. b5 Rxd2 24. Kxd2 Qa5+ 25. Ke2 1-0